Clubs de Premier League (2023-2024) - Statistiques

Statistiques générales
  • Ce quiz a été pris 536 fois
  • Le résultat moyen est 14 sur 20
Statistiques - réponses
% Correct
Premier League Newcastle United
100%
Premier League Manchester City
97%
Premier League Manchester United
97%
Premier League Arsenal
93%
Premier League Liverpool
91%
Premier League Chelsea
90%
Premier League Tottenham Hotspurs
81%
Premier League Aston Villa
74%
Premier League West Ham United
72%
Premier League Brighton & Hove Albion
69%
Premier League Everton
66%
Premier League Wolverhampton Wanderers
60%
Premier League Luton Town
58%
Premier League Burnley
55%
Premier League Crystal Palace
55%
Premier League Nottingham Forest
54%
Premier League Brentford
51%
Premier League Sheffield United
49%
Premier League Fulham
48%
Premier League Bournemouth
45%
Aucun quiz correspondant
Distribution des résultats
% des personnes avec chaque résultat
Percentile par nombre de réponses
Votre historique - résultats
Vous n’avez pas pris ce quiz